000 00977cam a2200277 4500
001 J2603
008 090401t1994 xxu||||| |||| 00| 0 eng d
035 _a(Sirsi) u50020
041 _aeng
050 _a658.99
110 _aNational Joint Consultative Committee for Building
_9994
245 _aConstruction management: selection and appointment of construction manager and trade contractors.
260 _aLondon
_bNJCC
_c1994
300 _a8p. ; 30cm.
350 _a6
490 _aGuidance Note
_v8
520 _aProduced in collaboration with the Scottish Joint Consultative Committee and the Joint Consultative Committee for Building, Northern Ireland.
650 _aBUILT ENVIRONMENT-BUILDING CONTRACT FORMS
650 _aCONDITIONS OF ENGAGEMENT
650 _aCONSTRUCTION MANAGEMENT
_96230
650 _aCONSTRUCTION MANAGER
650 _aTRADE CONTRACTORS
690 _aBUILT ENVIRONMENT-BUILDING CONTRACT FORMS
942 _n0
948 _c04/03/1997
999 _c92644
_d92644